Statistics for Things that are Gold

Click here to take the quiz!

General Stats

  • This quiz has been taken 73,991 times
    (48,326 since last reset)
  • The average score is 14 of 22

Answer Stats

ClueAnswer% Correct
1st place at the OlympicsGold Medal
99%
Don't kill the goose that lays theseGolden Eggs
96%
San Francisco's most famous bridgeGolden Gate
93%
Extremely popular dog breedGolden Retriever
91%
Leprechaun's treasure at the
end of the rainbow
Pot of Gold
83%
What King Midas hadGolden Touch
79%
1849 California eventGold Rush
78%
McDonald's logoGolden Arches
77%
1964 James Bond movieGoldfinger
74%
Another name for crude oilBlack Gold
73%
Domesticated orange carpGoldfish
65%
What a generous person hasHeart of Gold
65%
PyriteFool's Gold
60%
1995 James Bond movieGoldenEye
59%
Former name of GhanaGold Coast
58%
Do unto others ...Golden Rule
57%
What Jason & the Argonauts soughtGolden Fleece
52%
Kanye West songGold Digger
49%
Executive's severance packageGolden Parachute
36%
It's approximately 1.618Golden Ratio
30%
Final piece of the
Transcontinental Railroad
Golden Spike
30%
Francis Drake's globe-circling shipGolden Hind
23%

Score Distribution

Percentile by Number Answered

Percent of People with Each Score

Your Score History

You have not taken this quiz since the last reset